F1 Winners: Hungarian Grand Prix - Statistics

General Stats
  • This quiz has been taken 1,626 times
    408 since last reset
  • The average score is 36 of 40
Answer Stats
Season Circuit Winner % Correct
2007 Hungaroring Lewis Hamilton
99%
2009 Hungaroring Lewis Hamilton
99%
2012 Hungaroring Lewis Hamilton
99%
2013 Hungaroring Lewis Hamilton
99%
2016 Hungaroring Lewis Hamilton
99%
2018 Hungaroring Lewis Hamilton
99%
2019 Hungaroring Lewis Hamilton
99%
2020 Hungaroring Lewis Hamilton
99%
2022 Hungaroring Max Verstappen
99%
2023 Hungaroring Max Verstappen
99%
2025 Hungaroring Lando Norris
98%
1994 Hungaroring Michael Schumacher
98%
1998 Hungaroring Michael Schumacher
98%
2001 Hungaroring Michael Schumacher
98%
2004 Hungaroring Michael Schumacher
98%
2015 Hungaroring Sebastian Vettel
97%
2017 Hungaroring Sebastian Vettel
97%
1988 Hungaroring Ayrton Senna
96%
1991 Hungaroring Ayrton Senna
96%
1992 Hungaroring Ayrton Senna
96%
2024 Hungaroring Oscar Piastri
96%
2003 Hungaroring Fernando Alonso
94%
2021 Hungaroring Esteban Ocon
90%
2006 Hungaroring Jenson Button
89%
2011 Hungaroring Jenson Button
89%
1999 Hungaroring Mika Häkkinen
88%
2000 Hungaroring Mika Häkkinen
88%
2010 Hungaroring Mark Webber
87%
1993 Hungaroring Damon Hill
86%
1995 Hungaroring Damon Hill
86%
2005 Hungaroring Kimi Räikkönen
86%
1989 Hungaroring Nigel Mansell
84%
2014 Hungaroring Daniel Ricciardo
82%
1986 Hungaroring Nelson Piquet
80%
1987 Hungaroring Nelson Piquet
80%
1996 Hungaroring Jacques Villeneuve
79%
1997 Hungaroring Jacques Villeneuve
79%
2002 Hungaroring Rubens Barrichello
70%
2008 Hungaroring Heikki Kovalainen
59%
1990 Hungaroring Thierry Boutsen
34%
No matching quizzes found
Score Distribution
Percent of People with Each Score
Percentile by Number Answered
Your Score History
You have not taken this quiz since the last reset